| 000 | 00894aam a2200289 i 4500 | ||
|---|---|---|---|
| 001 | 768714001 | ||
| 003 | CO-MdFUSB | ||
| 005 | 20250903122953.0 | ||
| 007 | ta | ||
| 008 | 250903t1941 ag |||| |||| 00| 0 spa d | ||
| 040 | _cCO-MdFUSB | ||
| 041 | 0 | _aspa | |
| 082 | 0 | 4 |
_223 _a249.8 _bS7723m |
| 100 | 1 |
_aSpurgeon, C. H. (Charles Haddon) (1834-1892) _eautor |
|
| 245 | 1 | 0 |
_aLecturas matutinas : _blecturas diarias para el culto familiar _c/ Carlos H. Spurgeon ; traducido por S. Daniel Daglio |
| 264 | 1 |
_bJunta Bautista de Publicaciones, _aBuenos Aires, Argentina : _c[1941] |
|
| 264 | 4 | _c©1941 | |
| 300 | _a365 páginas | ||
| 336 |
_atexto _btxt _2rdacontent |
||
| 337 |
_2rdamedia _asin mediación _bn |
||
| 338 |
_2rdacarrier _avolumen _bnc |
||
| 563 | _aPasta dura | ||
| 653 | _aDevocionales | ||
| 700 |
_aDaglio, S. Daniel, _910787 _etraductor |
||
| 942 | _cBK | ||
| 945 | _aJTF-925 | ||
| 999 |
_c36372 _d36372 |
||